Estudio del método de cálculo de cargas térmicas por computadoras

Sparad:
Bibliografiska uppgifter
Huvudupphovsman: Calvo Vargas, Porfirio Jorge, 1949-
Materialtyp: Bok
Språk:Spanish
Publicerad: [San José, Costa Rica] 1973
Taggar: Lägg till en tagg
Inga taggar, Lägg till första taggen!

MARC

LEADER 00000nam a2200000Ia 4500
003 PIM141
005 20230111101314.0
008 140116s1973 cr a 000 ||spa d
040 |c cru CEDI 
090 |a PIM-141 
100 |a Calvo Vargas, Porfirio Jorge, 1949-  |9 351 
245 |a Estudio del método de cálculo de cargas térmicas por computadoras 
260 |a [San José, Costa Rica]  |c 1973 
300 |a 86 páginas  
500 |a A la cabeza de la portada. Proyecto . Universidad de Costa Rica. Facultad de Ingeniería. Departamento de Ingeniería Mecánica 
942 |c TFG 
999 |c 22039  |d 22039